LEADER 01257nam a2200265 u 4500 001 000000091403 003 CaOOAMICUS 005 20070226124828.0 008 060320s1996 it u000 u ita u 020 $a8810205847 035 $a11081946 040 $aPUL(R)$bita 100 1 $aCarbone, Sandro Paolo.$0(OLS)http://pul/name/24312 245 13$aIl libro di Michea secondo il testo ebraico Masoretico, secondo la versione greca della LXX, secondola parafrasi aramaica targumica /$cSandro Paolo Carbone, Giovanni Rizzi. 260 $aBologna :$bEdizioni Dehoniane Bologna,$c1996. 300 $a237 p. ;$c24 cm 500 $aContiene indici. 504 $aBibliografia: p. 15-22. 700 1 $aRizzi, Giovanni,$csac.,$d1950-$0(OLS)http://pul/name/24313 850 $aPUL 852 $aPUL$W1$xDP1 Fondo Gelio$y54$m4 C 23$j44226$nBK-PRI$b $qFondi$B115144$CPULBib$Z2$F115144 $HPUL0308 $81 941 1 $a1 996 $6020$a8810205847$9(OLS)http://pul/number/119859 996 $6245$aIl libro di Michea secondo il testo ebraico Masoretico, secondo la versione greca della LXX, secondola parafrasi aramaica targumica$9(OLS)http://pul/title/117983 996 $6260$aBologna :$bEdizioni Dehoniane Bologna$9(OLS)http://pul/publisher/60955 LEADER 01845nam a2200421 u 4500 001 000000064180 003 CaOOAMICUS 005 20070226121328.0 008 011114s1954 quc u000 u lat u 035 $a10909900 040 $aPUL(R)$bita 100 0 $aIohannes a Sancto Thoma,$cO.P.,$d1589-1644.$0(OLS)http://pul/name/14100 245 10$aDe gratia :$bcursus thologicus in Iam-IIae /$cJoannes a Sancto Thoma ; Armand Mathieu et Herv{82} Gagn{82} ... editionem curaverunt. 246 30$aCursus theologicus 246 30$aIn Iam-IIae 260 $aQuebeci :$bPresses Universitaires Laval,$c1954. 300 $axlvi, 425 p. ;$c22 cm 490 1 $aCollectio Lavallensis.$aSectio Theologica 500 $aContiene indici. 504 $aBibliografia in nota. 650 4$aUomo (teologia).$0(OLS)http://pul/subject/1029 650 4$aGrazia.$0(OLS)http://pul/subject/22983 700 1 $aGagn{82}, Herv{82}.$0(OLS)http://pul/name/43363 700 1 $aMathieu, Armand,$csac.$0(OLS)http://pul/name/43362 710 2 $aUniversité Laval.$0(OLS)http://pul/name/43364 830 0$aCollectio Lavallensis.$pSectio Theologica.$0(OLS)http://pul/title/85423 850 $aPUL 852 $aPUL$W1$xSL Religione 1$y3$m80 E 23$j83242$nBK-PRI$b $qStampati$B83242$CPULBib$Z2$F83242 $H $81 941 1 $a8 960 $aUmanesimo cristiano$91029 960 $aUmanesimo cristiano$91029 960 $aAntropologia teologica$91029 960 $aAntropologia teologica$91029 961 $aINV: 36498 996 $6245$aDe gratia :$bcursus thologicus in Iam-IIae$9(OLS)http://pul/title/85526 996 $6246$aCursus theologicus$9(OLS)http://pul/title/85421 996 $6246$aIn Iam-IIae$9(OLS)http://pul/title/85497 996 $6260$aQuebeci :$bPresses Universitaires Laval$9(OLS)http://pul/publisher/70804